000 00235 a2200097 4500
001 14371
100 _aWaliullah Khan
245 _aSab say zida mehrban insaan
260 _aLahore
_bThe Children Quran society
_c
090 _c11270
_d11270
942 _aNUST-CAE
_cM
_c1415
999 _c249444
_d249444